Quizzes
Events
Quiz Creation
Community
Videos
Private Events
Remove Ads
Sign In
Join for FREE
Feedback
Dark Mode
Quiz Categories
Sports
Geography
Music
Movies
Television
Just For Fun
Miscellaneous
History
Literature
Language
Science
Gaming
Entertainment
Religion
Holiday
For Kids
Quiz Lab
Recent
Popular Today
Quiz Kudos Today
Editor Picks
Curator Picks
Quizzes by...
Day
Popularity
Type
Ratings
Length
Year
Community
Subscriptions
Recent Discussions
Orange Saloon
Badges
Playlists
Quests
Create
Leaderboards
Showdown
Live 5
Trivia Bingo
Activity
Puzzle Library
Sporcle Events
Private Events
Virtual Trivia
Globe League
Become a Host
Pub Owners
SporcleCon
Opinionation
Our Games
Videos
Blog
Mobile Apps
Partnerships
Remove Ads and Go Orange
Feedback
Television
TV Characters
TV Show
Sitcom
Network
Friends
Reality Shows
Cast
South Park
Star Trek
The Simpsons
Doctor Who
Television
TV Characters
TV Show
Sitcom
Network
Friends
Reality Shows
Cast
South Park
Star Trek
The Simpsons
Doctor Who
Random Quiz
Search Sporcle
×
Quiz Lab
Quiz Lab
Television
Star Trek
Type in answers that appear in a list
Type in answers that appear in a list
Classic
Best Score? Go Orange.
Star Trek Series/Movies Stats
Can you name the title of each series and/or movie from the Star Trek franchise?
By
TubeChat
4m
23 Questions
832 Plays
832 Plays
832 Plays
Comments
Comments
Give Quiz Kudos
Give Quiz Kudos
-
- Ratings
hide this ad
Replay
Link that replays current quiz
Next Quiz
Link to next quiz in quiz playlist
You Got
0%
They Got
Avg Score
64%
Avg Friend Score
Upgrade to see
Score Distribution
Jump to the score distribution portion of the page
Score
0/23
Timer
04:00
0
Plays Today
Debut year
Series / Movie
% Correct
1966
The Original Series
97.6%
2009
Star Trek
96%
2022
Strange New Worlds
94.7%
1982
The Wrath of Khan
90.7%
1987
The Next Generation
90.7%
1984
The Search for Spock
88.5%
1995
Voyager
87.5%
2020
Picard
84.2%
2020
Lower Decks
84.2%
1994
Generations
84.1%
2001
Enterprise
84%
1979
The Motion Picture
83.4%
Debut year
Series / Movie
% Correct
2013
Into Darkness
83%
1986
The Voyage Home
82.7%
1993
Deep Space 9
81.6%
2002
Nemesis
80.3%
2017
Discovery
80.3%
1996
First Contact
78.5%
1991
The Undiscovered Country
76.4%
1989
The Final Frontier
75%
2021
Prodigy
73.7%
1998
Insurrection
72.5%
1973
The Animated Series
65%
Quiz Playlist
Details
Report
Send in Message
Add To Playlist
Classic:
Type in answers that appear in a list
Last Updated: Aug 4, 2022
Quiz Scoreboard
CHALLENGE
Sign Up to Join the Scoreboard
Show All
Scores
Hide
Comments
May contain spoilers
Recently Published
TV Characters by Other Roles V
by ghcgh
Television
5m
Decade Duel: World Leaders
by jenniferyan
History
4m
Alphabetical 'K' Countries by Flag Minefield
by ylime102
Geography
3m
More to Explore
Quiz From the Vault
Featured Blog Post
15 Basketball Trivia Facts You Can Be March Mad About
hide this ad
You Might Also Like...
Tags
Star Trek Quiz
debut
franchise
star
trek
Today's Top Quizzes in Television
Browse Television
hide this ad
Today's Top Quizzes in Star Trek
Browse Star Trek
Top Contributed Quizzes in Television
1
Hidden Simpsons Character
2
First Name TV: Leading Men
3
Hidden Simpsons Character XXIV
4
First Name TV: Leading Women Drama
5
One Piece Logic Puzzle
6
Hidden Simpsons Character II
7
Hidden Simpsons Character XXV
8
Hidden Simpsons Character XXVI
9
Hidden Simpsons Character III
10
Pick A Pair: Religious TV
Explore More
Trending Topics
Harry Potter
NBA
Marvel
Crossword
Kpop
Anime
Disney
Country
Soccer
WWE
Pokémon
NFL
The Office
Puzzle
Song
hide this ad
More By:
TubeChat
Quiz
Plays
Rating
Category
Featured
Created
20 Famous Movie Weddings
54,906
4.34
Movies
Apr 9, 2011
16 Animated Kids
45,867
4.32
Entertainment
Jun 9, 2011
Star Trek Casts
40,155
4.28
Television
Apr 7, 2010
16 Fictional Primates
23,655
4.13
Entertainment
Jan 5, 2011
Harry Potter Pics 3
3,132
3.74
Entertainment
Sep 13, 2010
Go to Creator's Profile
Score Distribution
Quiz Creator Spotlight
TubeChat
Follow
Send a Message
Quizzes Created
-
Created Quiz Play Count
-
More By This Creator
Popular Quizzes Today
1
Countries of Asia Without Outlines Minefield
2
Find the US States - No Outlines Minefield
3
Pick 6: Fruits
4
The Countries of the World
5
Alphabetical 'K' Countries by Flag Minefield
6
Find the Countries of Europe - No Outlines Minefield
7
US States
8
Find the US States
More Television Quizzes
1950's TV: Missing Letter Christmas
Quiz Lab
Trending Quizzes
Pick 6: Mountains
Pick 6: Harry Potter
Pick 6: Flags
Pick 6: NFL Teams
Pick 6: Movie Franchises
Recently Updated
Adaptations: Name the Title
pecheneg
NWSL Teams
pecheneg
Women's Final Four Teams by Year
bhenderson79
Presidents Quartet II
eogle
Anything But Clue(do)
eogle
Anything But Oceanian Capitals
eogle
Anything But 7
eogle
Anything But Thing
eogle
Word Ladder: February 29
pecheneg
Song Title Questions
pecheneg
Trending Topics
NBA
Kpop
Anime
Marvel
Crossword
Disney
Harry Potter
WWE
NFL
Country
The Office
Puzzle
Pokémon
Soccer
Song
Your Account Isn't Verified!
In order to create a playlist on Sporcle, you need to verify the email address you used during registration. Go to your
Sporcle Settings
to finish the process.
Report this User
Report this user for behavior that violates our
Community Guidelines
.
Details:
Send Report
Go to the Sporcle.com Mobile Site →
Comments